[Event "Porto Mannu op 5th"]
[Site "Porto Mannu"]
[Date "2013.06.04"]
[Round "5"]
[White "Rombaldoni, Axel"]
[Black "Rowson, Jonathan"]
[Result "1-0"]
[WhiteElo "2484"]
[BlackElo "2574"]
[PlyCount "65"]
[EventDate "2013.06.01"]
[EventType "swiss"]
[EventRounds "9"]
[EventCountry "ITA"]
[SourceTitle "CBM 154 Extra"]
[Source "ChessBase"]
[SourceDate "2013.06.25"]
[SourceVersion "2"]
[SourceVersionDate "2013.06.25"]
[SourceQuality "1"]

1. e4 c5 2. Nf3 e6 3. d4 cxd4 4. Nxd4 a6 5. Bd3 Bc5 6. Nb3 Be7 7. Be3 Nf6 8. N1d2 Nc6 9. f4 d6 10. Qe2 e5 11. 0-0-0 0-0 12. f5 a5 13. a4 d5 14. g4 d4 15. Bg5 Nd7 16. Bxe7 Qxe7 17. Rhg1 Nb6 18. g5 Qb4 19. Qh5 g6 20. Qh6 Rd8 21. Rdf1 Qf8 22. Qh4 Nb4 23. Bc4 Nxc4 24. Nxc4 Re8 25. Rg3 gxf5 26. exf5 Ra6 27. Rh3 Qg7 28. Nc5 Rc6 29. Ne4 Nd5 30. Ncd6 Rxd6 31. Nxd6 Rd8 32. Ne4 Ne3 33. g6 1-0

[Event "Porto Mannu op 5th"]
[Site "Porto Mannu"]
[Date "2013.06.03"]
[Round "3"]
[White "Rowson, Jonathan"]
[Black "Valet, Richard"]
[Result "1-0"]
[WhiteElo "2574"]
[BlackElo "2068"]
[PlyCount "71"]
[EventDate "2013.06.01"]
[EventType "swiss"]
[EventRounds "9"]
[EventCountry "ITA"]
[SourceTitle "CBM 154 Extra"]
[Source "ChessBase"]
[SourceDate "2013.06.25"]
[SourceVersion "2"]
[SourceVersionDate "2013.06.25"]
[SourceQuality "1"]

1. d4 Nf6 2. c4 g6 3. Nc3 Bg7 4. e4 d6 5. f3 a6 6. Be3 Nc6 7. Nge2 Rb8 8. Rc1 0-0 9. Qd2 e5 10. d5 Ne7 11. c5 b5 12. cxb6 cxb6 13. Rc2 Nd7 14. Nc1 f5 15. Be2 f4 16. Bf2 g5 17. g4 Ng6 18. Nd3 Ra8 19. Nb4 Bb7 20. Nc6 Qf6 21. b4 Rf7 22. Na4 Nh4 23. Rg1 Bf8 24. Nxb6 Nxb6 25. Bxb6 h5 26. h3 Rh7 27. Qc1 Ng6 28. Na5 hxg4 29. hxg4 Qh8 30. Rf1 Rf7 31. Rc7 Rxc7 32. Qxc7 Bc8 33. Nc4 Nh4 34. Nxd6 Bxd6 35. Qxd6 Ng2+ 36. Kd2 1-0

[Event "BCF-chT1c 1213 (4NCL) Promotion pool"]
[Site "England"]
[Date "2013.05.06"]
[Round "11.116"]
[White "Rowson, Jonathan"]
[Black "Hebden, Mark"]
[Result "1/2-1/2"]
[WhiteElo "2586"]
[BlackElo "2540"]
[PlyCount "80"]
[EventDate "2012.11.03"]
[EventType "team-tourn"]
[EventRounds "4"]
[EventCountry "ENG"]
[SourceTitle "EXT 2014"]
[Source "ChessBase"]
[SourceDate "2013.11.20"]
[SourceVersion "1"]
[SourceVersionDate "2013.11.20"]
[SourceQuality "1"]
[WhiteTeam "Wood Green Hilsmark"]
[BlackTeam "Guildford"]
[WhiteTeamCountry "ENG"]
[BlackTeamCountry "ENG"]

1. d4 Nf6 2. c4 g6 3. f3 Bg7 4. e4 d6 5. Ne2 0-0 6. Be3 c5 7. Qd2 Nc6 8. d5 Na5 9. Nec3 a6 10. Bh6 b5 11. Bxg7 Kxg7 12. Qg5 bxc4 13. Na3 Nd7 14. h4 Ne5 15. h5 f6 16. Qe3 g5 17. h6+ Kh8 18. 0-0-0 Rb8 19. g3 Qb6 20. Rd2 g4 21. f4 Nf3 22. Rf2 Qb4 23. Bg2 Nd4 24. Rd1 Bd7 25. Bf1 Rb7 26. Rxd4 cxd4 27. Qxd4 Qb6 28. Qxb6 Rxb6 29. f5 Rfb8 30. Rd2 Bb5 31. Nc2 Nb7 32. Ne3 Nc5 33. Be2 Bd7 34. Bxc4 a5 35. a3 a4 36. Kb1 Bc8 37. Nxg4 Ba6 38. Bxa6 Rxa6 39. Nf2 Rab6 40. g4 Nb3 1/2-1/2

[Event "BCF-chT1c 1213 (4NCL) Promotion pool"]
[Site "England"]
[Date "2013.03.24"]
[Round "8.114"]
[White "Kirk, Ezra"]
[Black "Rowson, Jonathan"]
[Result "1/2-1/2"]
[WhiteElo "2258"]
[BlackElo "2586"]
[PlyCount "80"]
[EventDate "2012.11.03"]
[EventType "team-tourn"]
[EventRounds "4"]
[EventCountry "ENG"]
[SourceTitle "EXT 2014"]
[Source "ChessBase"]
[SourceDate "2013.11.20"]
[SourceVersion "1"]
[SourceVersionDate "2013.11.20"]
[SourceQuality "1"]
[WhiteTeam "Jutes of Kent"]
[BlackTeam "Wood Green Hilsmark"]
[WhiteTeamCountry "ENG"]
[BlackTeamCountry "ENG"]

1. d4 Nf6 2. c4 e6 3. Nc3 Bb4 4. e3 c5 5. Bd3 Nc6 6. Nf3 Bxc3+ 7. bxc3 d6 8. e4 e5 9. d5 Ne7 10. 0-0 0-0 11. Ne1 Ne8 12. Nc2 f5 13. exf5 Bxf5 14. Bg5 Qd7 15. Bxe7 Qxe7 16. f3 Rd8 17. Bxf5 Rxf5 18. Qd3 Rf7 19. Ne3 Qg5 20. Ng4 Nf6 21. Nxf6+ Rxf6 22. Rab1 Rd7 23. Rbe1 Rdf7 24. Re4 Rh6 25. g3 Qh5 26. Rh4 Qg6 27. Qxg6 Rxg6 28. Re4 Rgf6 29. Kg2 Kf8 30. h4 Ke8 31. f4 Kd8 32. Kf3 exf4 33. gxf4 Rh6 34. Kg4 Rg6+ 35. Kh3 Kc7 36. f5 Rgf6 37. Kg4 Kb6 38. Re6 Ka5 39. Rxf6 Rxf6 40. h5 b5 1/2-1/2

[Event "London Classic op 4th"]
[Site "London"]
[Date "2012.12.09"]
[Round "9"]
[White "Rowson, Jonathan"]
[Black "Sarakauskas, Gediminas"]
[Result "1-0"]
[WhiteElo "2586"]
[BlackElo "2408"]
[PlyCount "67"]
[EventDate "2012.12.01"]
[EventType "swiss"]
[EventRounds "9"]
[EventCountry "ENG"]
[SourceTitle "CBM 151 Extra"]
[Source "ChessBase"]
[SourceDate "2012.12.18"]
[SourceVersion "1"]
[SourceVersionDate "2012.12.18"]
[SourceQuality "1"]

1. d4 d5 2. c4 c6 3. Nf3 Nf6 4. Nc3 a6 5. c5 Bf5 6. Bf4 Nbd7 7. e3 g6 8. Be2 Bg7 9. Nd2 0-0 10. g4 Be6 11. h4 b6 12. cxb6 Qxb6 13. Na4 Qa5 14. a3 c5 15. Nxc5 Nxc5 16. b4 Qa4 17. bxc5 Qxd1+ 18. Rxd1 Bxg4 19. Rb1 Rfe8 20. Be5 Bxe2 21. Kxe2 Ng4 22. Bxg7 Kxg7 23. Rb7 e5 24. Nf3 exd4 25. Nxd4 Ne5 26. c6 Kf6 27. Rhb1 Rec8 28. c7 Nd7 29. Rc1 Ke7 30. Nc6+ Kd6 31. Na7 Rxa7 32. Rxa7 Nc5 33. Rb1 Rxc7 34. Rb6+ 1-0

[Event "London Classic op 4th"]
[Site "London"]
[Date "2012.12.04"]
[Round "4"]
[White "Ansell, Simon"]
[Black "Rowson, Jonathan"]
[Result "1/2-1/2"]
[WhiteElo "2377"]
[BlackElo "2586"]
[PlyCount "77"]
[EventDate "2012.12.01"]
[EventType "swiss"]
[EventRounds "9"]
[EventCountry "ENG"]
[SourceTitle "CBM 151 Extra"]
[Source "ChessBase"]
[SourceDate "2012.12.18"]
[SourceVersion "1"]
[SourceVersionDate "2012.12.18"]
[SourceQuality "1"]

1. e4 c5 2. Nf3 e6 3. g3 Nc6 4. Bg2 Nf6 5. Qe2 d5 6. exd5 Nxd5 7. 0-0 g6 8. Nc3 Bg7 9. Nxd5 Qxd5 10. Rd1 0-0 11. d4 cxd4 12. c3 Qh5 13. cxd4 Bd7 14. h3 h6 15. d5 Ne5 16. Bf4 Nxf3+ 17. Bxf3 Qf5 18. Rac1 e5 19. Bg4 Qf6 20. Be3 Rfd8 21. Rc7 Qd6 22. Rxb7 f5 23. Bf3 Rdb8 24. Rxb8+ Rxb8 25. b3 a5 26. Qd2 a4 27. Bxh6 axb3 28. axb3 Rxb3 29. Bxg7 Kxg7 30. Bg2 Qb6 31. Qg5 Qf6 32. h4 Qxg5 33. hxg5 e4 34. Bf1 Kf7 35. Bc4 Rb4 36. Ba2 Rb2 37. Bc4 Rb4 38. Ba2 Rb2 39. Bc4 1/2-1/2

[Event "London Classic op 4th"]
[Site "London"]
[Date "2012.12.02"]
[Round "2"]
[White "Britton, Richard"]
[Black "Rowson, Jonathan"]
[Result "0-1"]
[WhiteElo "2233"]
[BlackElo "2586"]
[PlyCount "104"]
[EventDate "2012.12.01"]
[EventType "swiss"]
[EventRounds "9"]
[EventCountry "ENG"]
[SourceTitle "CBM 151 Extra"]
[Source "ChessBase"]
[SourceDate "2012.12.18"]
[SourceVersion "1"]
[SourceVersionDate "2012.12.18"]
[SourceQuality "1"]

1. e4 c5 2. Nf3 d6 3. Bb5+ Nd7 4. d4 Ngf6 5. Nc3 a6 6. Bxd7+ Nxd7 7. Be3 e6 8. d5 e5 9. a4 b6 10. 0-0 Be7 11. Qe2 Nf6 12. h3 0-0 13. Rfb1 Qc7 14. Ra3 Rb8 15. Nd2 Nd7 16. Qd3 g6 17. Bh6 Re8 18. Nf1 Nf6 19. g4 Kh8 20. Kg2 Ng8 21. Bd2 Bh4 22. Ne3 Rf8 23. f3 f5 24. Rf1 h5 25. Ne2 Nf6 26. exf5 gxf5 27. Nxf5 c4 28. Qe3 Bxf5 29. gxf5 Rg8+ 30. Kh2 Rg5 31. f4 Rxf5 32. Raa1 Re8 33. fxe5 Rfxe5 34. Qh6+ Qh7 35. Qxh7+ Kxh7 36. Ng1 Re2+ 37. Nxe2 Rxe2+ 38. Kg1 Rxd2 39. Rf4 Bg5 40. Rxc4 Nxd5 41. a5 b5 42. Rc6 Be3+ 43. Kh1 Nb4 44. Rc7+ Kg6 45. c3 Nd3 46. b4 Ne5 47. Rf1 Kg5 48. Rg7+ Kh4 49. Rg2 Rd3 50. Rg8 Kxh3 51. Rh8 h4 52. Rg8 Rd2 0-1

[Event "BCF-chTc 1112 (4NCL)"]
[Site "England"]
[Date "2012.04.01"]
[Round "8.11"]
[White "Rowson, Jonathan"]
[Black "Wells, Peter K"]
[Result "1/2-1/2"]
[WhiteElo "2581"]
[BlackElo "2499"]
[PlyCount "44"]
[EventDate "2011.11.12"]
[EventType "team-swiss"]
[EventRounds "11"]
[EventCountry "ENG"]
[SourceTitle "EXT 2013"]
[Source "ChessBase"]
[SourceDate "2012.11.22"]
[SourceVersion "1"]
[SourceVersionDate "2012.11.22"]
[SourceQuality "1"]
[WhiteTeam "Wood Green Hilsmark"]
[BlackTeam "White Rose"]
[WhiteTeamCountry "ENG"]
[BlackTeamCountry "ENG"]

1. d4 Nf6 2. c4 e6 3. Nc3 Bb4 4. Qc2 d5 5. cxd5 exd5 6. Bg5 c5 7. a3 Bxc3+ 8. bxc3 Nbd7 9. Nf3 Qa5 10. Nd2 0-0 11. f3 Re8 12. Kf2 Qc7 13. e3 cxd4 14. exd4 h6 15. Bxf6 Nxf6 16. g3 Qe7 17. Bd3 Qe3+ 18. Kg2 Bd7 19. a4 Rac8 20. Rhc1 Nh5 21. Nf1 Qg5 22. Kf2 Bh3 1/2-1/2